[Event "IECG CB.2008.0.00186 email"]
[Site "IECG email"]
[Date "2008.11.28"]
[Round "?"]
[White "Bearce, Harold"]
[Black "Lo, Angus"]
[Result "0-1"]
[WhiteElo "1893"]
[BlackElo "1914"]
[PlyCount "32"]
[EventDate "2008.11.28"]
[EventType "tourn (corr)"]
[EventRounds "6"]
[SourceTitle "Corr 2024"]
[Source "ChessBase"]
[SourceDate "2023.10.19"]
[SourceVersion "1"]
[SourceVersionDate "2023.10.19"]
[SourceQuality "1"]

1. d4 Nf6 2. c4 e6 3. Nc3 Bb4 4. Bd2 0-0 5. a3 Bxc3 6. Bxc3 Ne4 7. Nf3 b6 8. Qc2 Bb7 9. Rd1 f5 10. g3 d6 11. Bg2 Nd7 12. 0-0 Qe7 13. e3 Ndf6 14. Nd2 a5 15. Nxe4 Nxe4 16. Bxe4 fxe4 0-1

[Event "IECG QB.2008.0.00095 email"]
[Site "IECG email"]
[Date "2008.11.28"]
[Round "?"]
[White "Dolejs, Dan"]
[Black "Lo, Angus"]
[Result "0-1"]
[WhiteElo "1953"]
[BlackElo "1914"]
[PlyCount "68"]
[EventDate "2008.11.28"]
[EventType "tourn (corr)"]
[EventRounds "6"]
[SourceTitle "Corr 2024"]
[Source "ChessBase"]
[SourceDate "2023.10.19"]
[SourceVersion "1"]
[SourceVersionDate "2023.10.19"]
[SourceQuality "1"]

1. d4 Nf6 2. Nf3 g6 3. c4 Bg7 4. g3 0-0 5. Bg2 c5 6. 0-0 cxd4 7. Nxd4 Nc6 8. Nc3 Qb6 9. Nb3 d6 10. Be3 Qa6 11. Nb5 Rb8 12. h3 Be6 13. a4 Rfd8 14. Nd2 Rbc8 15. b3 d5 16. Qc2 Qa5 17. g4 a6 18. Na3 h5 19. f3 hxg4 20. hxg4 Bxg4 21. Rad1 Bf5 22. Qc1 Nh5 23. Bf2 Nd4 24. Rfe1 Qb4 25. e3 Nxb3 26. Nxb3 Qxb3 27. e4 dxe4 28. fxe4 Be6 29. Rxd8+ Rxd8 30. Nb1 Qxa4 31. e5 Qxc4 32. Qg5 Qb4 33. Rc1 Nf4 34. Bc5 Ne2+ 0-1

[Event "IECG CB.2008.0.00186 email"]
[Site "IECG email"]
[Date "2008.11.28"]
[Round "?"]
[White "Laczay, Istvan"]
[Black "Lo, Angus"]
[Result "1/2-1/2"]
[WhiteElo "1871"]
[BlackElo "1914"]
[PlyCount "54"]
[EventDate "2008.11.28"]
[EventType "tourn (corr)"]
[EventRounds "6"]
[SourceTitle "Corr 2024"]
[Source "ChessBase"]
[SourceDate "2023.10.19"]
[SourceVersion "1"]
[SourceVersionDate "2023.10.19"]
[SourceQuality "1"]

1. d4 Nf6 2. c4 e6 3. Nc3 Bb4 4. Qc2 0-0 5. a3 Bxc3+ 6. Qxc3 d6 7. Bg5 Nbd7 8. e3 b6 9. Bd3 Bb7 10. f3 h6 11. Bh4 e5 12. Ne2 Re8 13. 0-0 e4 14. fxe4 Bxe4 15. Bxe4 Rxe4 16. Bxf6 Nxf6 17. Ng3 Rg4 18. e4 Nxe4 19. Nxe4 Rxe4 20. Rxf7 Kxf7 21. Qf3+ Qf6 22. Qxe4 Re8 23. Qd3 Kg8 24. Rf1 Qg5 25. Qf3 Qe3+ 26. Qxe3 Rxe3 27. d5 a5 1/2-1/2

[Event "IECG QB.2008.0.00095 email"]
[Site "IECG email"]
[Date "2008.11.28"]
[Round "?"]
[White "Lo, Angus"]
[Black "Sherwood, Russell"]
[Result "1-0"]
[WhiteElo "1914"]
[BlackElo "1880"]
[PlyCount "75"]
[EventDate "2008.11.28"]
[EventType "tourn (corr)"]
[EventRounds "6"]
[SourceTitle "Corr 2024"]
[Source "ChessBase"]
[SourceDate "2023.10.19"]
[SourceVersion "1"]
[SourceVersionDate "2023.10.19"]
[SourceQuality "1"]

1. e4 c5 2. Nf3 d6 3. d4 cxd4 4. Nxd4 Nf6 5. Nc3 a6 6. Be3 e5 7. Nb3 Be6 8. f3 Be7 9. Qd2 0-0 10. 0-0-0 Nbd7 11. g4 b5 12. g5 b4 13. Ne2 Ne8 14. f4 g6 15. Bg2 Bg4 16. Kb1 a5 17. Nbc1 Rc8 18. h3 exf4 19. Bxf4 Bh5 20. h4 Ne5 21. Bh3 Rb8 22. Qe3 Nc4 23. Qa7 Bf3 24. Rhe1 Qc7 25. Qxc7 Nxc7 26. Rd4 Ne5 27. Bxe5 dxe5 28. Rd7 Bd8 29. Ng3 f6 30. Rf1 fxg5 31. hxg5 Rf4 32. Nd3 Rh4 33. Bf5 Bg2 34. Rd1 Bf3 35. Rg1 gxf5 36. Nxf5 Rxe4 37. g6 hxg6 38. Rxg6+ 1-0

[Event "IECG CB.2008.0.00186 email"]
[Site "IECG email"]
[Date "2008.11.28"]
[Round "?"]
[White "Osipov, Anatoly"]
[Black "Lo, Angus"]
[Result "1/2-1/2"]
[WhiteElo "1836"]
[BlackElo "1914"]
[PlyCount "120"]
[EventDate "2008.11.28"]
[EventType "tourn (corr)"]
[EventRounds "6"]
[SourceTitle "Corr 2024"]
[Source "ChessBase"]
[SourceDate "2023.10.19"]
[SourceVersion "1"]
[SourceVersionDate "2023.10.19"]
[SourceQuality "1"]

1. e4 c5 2. Nf3 d6 3. Bc4 Nf6 4. Nc3 Nc6 5. 0-0 g6 6. d4 cxd4 7. Nxd4 Nxd4 8. Qxd4 Bg7 9. Bg5 h6 10. Bd2 0-0 11. Qd3 Ng4 12. Qg3 Bd7 13. Be2 Ne5 14. Qh4 g5 15. Qg3 Ng6 16. Nd5 e6 17. Nc3 Be5 18. Qh3 Kg7 19. a4 Bc6 20. Bb5 a6 21. Bxc6 bxc6 22. Rad1 d5 23. b3 Qb8 24. Rfe1 Rd8 25. Na2 dxe4 26. Rxe4 c5 27. Nc3 Ra7 28. Nb1 Rad7 29. g3 Bf6 30. Qf1 Qb7 31. Qe2 Ne7 32. Re1 Nc6 33. Be3 Rd5 34. Rf1 Nd4 35. Bxd4 cxd4 36. Qd3 Rc8 37. Rd1 Rc3 38. Qd2 Qc6 39. Rc1 Rf3 40. Rf1 Rd8 41. Qe2 d3 42. Qxf3 dxc2 43. Nc3 Bxc3 44. Qe2 Rd2 45. Qc4 Qxc4 46. Rxc4 Bb2 47. b4 f5 48. b5 axb5 49. axb5 Kf6 50. Rc8 c1Q 51. Rcxc1 Bxc1 52. Rxc1 Rb2 53. Rc5 g4 54. Kf1 h5 55. Kg2 Kg5 56. Re5 h4 57. gxh4+ Kxh4 58. Rxe6 Rxb5 59. Rh6+ Kg5 60. Rh8 Rb1 1/2-1/2

[Event "LSS WC-2008-F-00007"]
[Site "LSS email"]
[Date "2008.11.12"]
[Round "?"]
[White "Baroin, Bernard"]
[Black "Lo, Angus"]
[Result "1-0"]
[WhiteElo "2022"]
[BlackElo "1945"]
[PlyCount "85"]
[EventDate "2008.11.12"]
[EventType "tourn (corr)"]
[EventRounds "14"]
[EventCountry "GER"]
[SourceTitle "Corr 2011"]
[Source "ChessBase"]
[SourceDate "2010.08.31"]
[SourceVersion "1"]
[SourceVersionDate "2010.08.31"]
[SourceQuality "1"]

1. e4 c5 2. Nf3 d6 3. d4 Nf6 4. Nc3 cxd4 5. Nxd4 a6 6. Be3 e5 7. Nb3 Be6 8. f3 Be7 9. Qd2 0-0 10. 0-0-0 Nbd7 11. g4 b5 12. g5 Nh5 13. Nd5 Bxd5 14. exd5 b4 15. Kb1 a5 16. Bb5 Qc7 17. Bc6 Rad8 18. Qf2 f6 19. g6 hxg6 20. Qg2 g5 21. h4 Nf4 22. Qg1 Nc5 23. hxg5 fxg5 24. Qh2 Qc8 25. Nxa5 Kf7 26. Nc4 Rh8 27. Qd2 Rxh1 28. Rxh1 Na6 29. Qh2 Qf5 30. Bd2 e4 31. Ne3 Qg6 32. Ng4 Qf5 33. Bxf4 gxf4 34. Qh3 Kf8 35. fxe4 Qg5 36. e5 dxe5 37. Nf2 Nc7 38. Ne4 Qg6 39. d6 Rxd6 40. Nxd6 Qxd6 41. Qh8+ Kf7 42. Bf3 Bf8 43. Rd1 1-0

[Event "LSS WC-2008-F-00007"]
[Site "LSS email"]
[Date "2008.11.12"]
[Round "?"]
[White "Lo, Angus"]
[Black "Stibal, George"]
[Result "1/2-1/2"]
[WhiteElo "1937"]
[BlackElo "1883"]
[PlyCount "88"]
[EventDate "2008.11.12"]
[EventType "tourn (corr)"]
[EventRounds "14"]
[EventCountry "GER"]
[SourceTitle "Corr 2011"]
[Source "ChessBase"]
[SourceDate "2010.08.31"]
[SourceVersion "1"]
[SourceVersionDate "2010.08.31"]
[SourceQuality "1"]

1. e4 c5 2. Nf3 d6 3. d4 cxd4 4. Nxd4 Nf6 5. Nc3 a6 6. Be3 e5 7. Nf3 Be7 8. Bc4 0-0 9. 0-0 Nc6 10. Qe2 b5 11. Bb3 Rb8 12. Nd5 Nxe4 13. Bb6 Rxb6 14. Nxb6 Qxb6 15. Qxe4 g6 16. a4 b4 17. Bd5 Bd7 18. Qe3 Qa5 19. Rfd1 Kg7 20. h4 h6 21. Bc4 Bc8 22. b3 Nd8 23. Rd2 f5 24. Re1 Qc7 25. Qe2 Qb6 26. Rdd1 e4 27. h5 Nc6 28. Nh2 Nd4 29. Qe3 Bf6 30. hxg6 Kxg6 31. Nf1 Bb7 32. Rd2 Bg7 33. Red1 f4 34. Qh3 d5 35. Qg4+ Kh7 36. a5 Qc5 37. Qd7 Bc6 38. Qc7 Ne6 39. Rxd5 Qxc4 40. Qxg7+ Kxg7 41. bxc4 Bxd5 42. cxd5 Rd8 43. g3 Kf6 44. Kh2 Nc7 1/2-1/2

[Event "LSS WC-2008-F-00007"]
[Site "LSS email"]
[Date "2008.11.12"]
[Round "?"]
[White "Plagnaud, Jean Luc"]
[Black "Lo, Angus"]
[Result "1/2-1/2"]
[WhiteElo "1977"]
[BlackElo "1937"]
[PlyCount "76"]
[EventDate "2008.11.12"]
[EventType "tourn (corr)"]
[EventRounds "14"]
[EventCountry "GER"]
[SourceTitle "Corr 2011"]
[Source "ChessBase"]
[SourceDate "2010.08.31"]
[SourceVersion "1"]
[SourceVersionDate "2010.08.31"]
[SourceQuality "1"]

1. d4 Nf6 2. Nf3 g6 3. c4 Bg7 4. Nc3 d5 5. Qb3 dxc4 6. Qxc4 0-0 7. g3 Be6 8. Qa4 Nc6 9. Bg2 Nd5 10. 0-0 Nb6 11. Qc2 Nxd4 12. Nxd4 Qxd4 13. Bxb7 Rab8 14. Rd1 Qc5 15. Bf3 Bd4 16. e3 Be5 17. e4 Rfd8 18. Bh6 Nc4 19. Rac1 Qb4 20. Nd5 Bxd5 21. exd5 Nxb2 22. Re1 Qd4 23. Re2 Bd6 24. Be3 Qd3 25. Bxa7 Rb4 26. Be3 Ra8 27. Kg2 Qxc2 28. Rexc2 Nd3 29. Rd1 Nb2 30. Ra1 Nc4 31. Bh6 f6 32. Bg4 f5 33. Bf3 Kf7 34. Bg5 Ra3 35. h3 Ne5 36. Be2 Rd4 37. Bc1 Raa4 38. Rd2 Rdb4 1/2-1/2

[Event "LSS SB-2008-0-00030"]
[Site "LSS email"]
[Date "2008.11.04"]
[Round "?"]
[White "Lo, Angus"]
[Black "Kuhn, Christian Helmut"]
[Result "1/2-1/2"]
[WhiteElo "1945"]
[BlackElo "1886"]
[PlyCount "84"]
[EventDate "2008.10.29"]
[EventType "tourn (corr)"]
[EventRounds "6"]
[EventCountry "GER"]
[SourceTitle "Corr 2011"]
[Source "ChessBase"]
[SourceDate "2010.08.31"]
[SourceVersion "1"]
[SourceVersionDate "2010.08.31"]
[SourceQuality "1"]

1. e4 c5 2. Nf3 d6 3. d4 cxd4 4. Nxd4 Nf6 5. Nc3 a6 6. Be3 e5 7. Nb3 Be6 8. Be2 Be7 9. 0-0 Nbd7 10. f4 Qc7 11. f5 Bc4 12. Rf3 0-0 13. Rg3 Rfd8 14. Bxc4 Qxc4 15. Qf3 b5 16. Rc1 Rac8 17. Bh6 Bf8 18. a3 Kh8 19. Bg5 h6 20. Be3 Qc7 21. Kh1 Nb6 22. Rh3 Kg8 23. Qg3 Na4 24. Rxh6 Nxc3 25. Rh3 Nfxe4 26. Qh4 f6 27. bxc3 d5 28. Qh7+ Kf7 29. Qg6+ Ke7 30. Bg1 Qd6 31. Re1 Rd7 32. Rd3 Qxa3 33. Qh7 Nxc3 34. Nd4 Qb4 35. Qg8 Na4 36. Qe6+ Kd8 37. Nc6+ Rxc6 38. Qxc6 Qxe1 39. Rxd5 Nc5 40. Qa8+ Kc7 41. Qa7+ Kc6 42. Qa8+ Kc7 1/2-1/2

[Event "LSS OP-2008-0-00671"]
[Site "LSS email"]
[Date "2008.11.04"]
[Round "?"]
[White "Lo, Angus"]
[Black "McDonald, Graham R"]
[Result "1/2-1/2"]
[WhiteElo "1937"]
[BlackElo "1982"]
[PlyCount "70"]
[EventDate "2008.11.02"]
[EventType "tourn (corr)"]
[EventRounds "4"]
[EventCountry "GER"]
[SourceTitle "Corr 2011"]
[Source "ChessBase"]
[SourceDate "2010.08.31"]
[SourceVersion "1"]
[SourceVersionDate "2010.08.31"]
[SourceQuality "1"]

1. e4 e5 2. Nf3 Nc6 3. Bb5 a6 4. Ba4 Nf6 5. 0-0 Nxe4 6. d4 b5 7. Bb3 d5 8. dxe5 Be6 9. a4 b4 10. a5 Nc5 11. Ba2 Be7 12. Nbd2 d4 13. Bc4 0-0 14. Qe2 Qd7 15. Bxe6 Qxe6 16. Ne4 f6 17. exf6 Bxf6 18. Re1 Nxe4 19. Qxe4 Qxe4 20. Rxe4 Rae8 21. Rxe8 Rxe8 22. Kf1 Kf7 23. Ra4 Ke6 24. b3 d3 25. cxd3 Rd8 26. Ke2 Rd5 27. Bf4 Rxa5 28. Rxa5 Nxa5 29. Nd2 c5 30. Kd1 Bc3 31. Bc7 Bxd2 32. Bxa5 Bc3 33. f4 Kf5 34. Bc7 Kg4 35. Ke2 a5 1/2-1/2

[Event "LSS RB-2008-0-00017"]
[Site "LSS email"]
[Date "2008.07.12"]
[Round "?"]
[White "Lo, Angus"]
[Black "Pott, Brian"]
[Result "1/2-1/2"]
[WhiteElo "1911"]
[BlackElo "1953"]
[PlyCount "89"]
[EventDate "2008.07.07"]
[EventType "tourn (corr)"]
[EventRounds "6"]
[EventCountry "GER"]
[SourceTitle "Corr 2013"]
[Source "ChessBase"]
[SourceDate "2012.11.12"]
[SourceVersion "1"]
[SourceVersionDate "2012.11.12"]
[SourceQuality "1"]

1. e4 e5 2. Nf3 Nc6 3. Bb5 Nf6 4. 0-0 Nxe4 5. d4 Nd6 6. Bxc6 dxc6 7. dxe5 Nf5 8. Qxd8+ Kxd8 9. Nc3 Ke8 10. Rd1 Be7 11. Bg5 Bxg5 12. Nxg5 Ke7 13. h3 h6 14. Nge4 h5 15. Ng5 Nh4 16. Rd4 Ng6 17. Rad1 h4 18. Nf3 Be6 19. Rb4 b6 20. Ra4 a5 21. Ne4 Rad8 22. Re1 c5 23. Neg5 Bf5 24. Rc4 Rd5 25. Ne4 Re8 26. Nc3 Rdd8 27. Nb5 Rd7 28. Nxh4 Nxh4 29. Rxh4 Bxc2 30. Rg4 Kf8 31. Re3 Bf5 32. Rg5 Be6 33. b3 c4 34. f4 cxb3 35. axb3 f6 36. Rh5 g6 37. Rh4 Bg8 38. Rg4 g5 39. Rf3 gxf4 40. Rfxf4 Rxe5 41. Rxf6+ Rf7 42. Rfg6 Bh7 43. R6g5 Rxg5 44. Rxg5 Rd7 45. Rg3 1/2-1/2

[Event "LSS RB-2008-0-00016"]
[Site "LSS email"]
[Date "2008.07.06"]
[Round "?"]
[White "Llorente Alvarez, Jose Luis"]
[Black "Lo, Angus"]
[Result "1-0"]
[WhiteElo "1907"]
[BlackElo "1921"]
[PlyCount "101"]
[EventDate "2008.06.30"]
[EventType "tourn (corr)"]
[EventRounds "6"]
[EventCountry "GER"]
[SourceTitle "Corr 2013"]
[Source "ChessBase"]
[SourceDate "2012.11.12"]
[SourceVersion "1"]
[SourceVersionDate "2012.11.12"]
[SourceQuality "1"]

1. e4 c5 2. Nf3 d6 3. d4 cxd4 4. Nxd4 Nf6 5. Nc3 a6 6. Bg5 e6 7. f4 Be7 8. Qf3 Qc7 9. 0-0-0 Nbd7 10. g4 b5 11. Bxf6 Nxf6 12. g5 Nd7 13. f5 Bxg5+ 14. Kb1 0-0 15. fxe6 Nb6 16. Nd5 Nxd5 17. exd5 Bf6 18. Bd3 fxe6 19. Nxe6 Bxe6 20. dxe6 Be5 21. Qg2 Qe7 22. Be4 Rac8 23. Bd5 Kh8 24. Rhf1 g6 25. a3 Kg7 26. Rf7+ Rxf7 27. exf7 Qh4 28. h3 a5 29. Bb3 b4 30. a4 Rf8 31. Qf3 Qd8 32. Ka2 Qe7 33. Qd5 Qc7 34. h4 Qc5 35. Qe4 Qf2 36. h5 Qf5 37. Qxf5 gxf5 38. Bd5 Kf6 39. Kb3 f4 40. c4 bxc3 41. bxc3 Rc8 42. Rg1 Ke7 43. Rg8 Rf8 44. Kc4 Bf6 45. Kd3 f3 46. Rg4 f2 47. Re4+ Be5 48. Ke2 f1N 49. Kxf1 Rb8 50. Ke2 Rc8 51. c4 1-0

[Event "LSS RB-2008-0-00016"]
[Site "LSS email"]
[Date "2008.07.05"]
[Round "?"]
[White "Aguilar, Sebastian"]
[Black "Lo, Angus"]
[Result "1/2-1/2"]
[WhiteElo "1941"]
[BlackElo "1921"]
[PlyCount "27"]
[EventDate "2008.06.30"]
[EventType "tourn (corr)"]
[EventRounds "6"]
[EventCountry "GER"]
[SourceTitle "Corr 2013"]
[Source "ChessBase"]
[SourceDate "2012.11.12"]
[SourceVersion "1"]
[SourceVersionDate "2012.11.12"]
[SourceQuality "1"]

1. e4 c5 2. Nf3 d6 3. d4 cxd4 4. Nxd4 Nf6 5. Nc3 a6 6. Be3 e5 7. Nb3 Be6 8. f3 Be7 9. Qd2 0-0 10. 0-0-0 Nbd7 11. g4 b5 12. g5 Nh5 13. Nd5 Bxd5 14. exd5 1/2-1/2

[Event "LSS RB-2008-0-00016"]
[Site "LSS email"]
[Date "2008.07.05"]
[Round "?"]
[White "Lo, Angus"]
[Black "Malmstroem, Jan"]
[Result "1/2-1/2"]
[WhiteElo "1921"]
[BlackElo "1838"]
[PlyCount "75"]
[EventDate "2008.06.30"]
[EventType "tourn (corr)"]
[EventRounds "6"]
[EventCountry "GER"]
[SourceTitle "Corr 2013"]
[Source "ChessBase"]
[SourceDate "2012.11.12"]
[SourceVersion "1"]
[SourceVersionDate "2012.11.12"]
[SourceQuality "1"]

1. e4 e5 2. Nf3 Nf6 3. Nxe5 d6 4. Nf3 Nxe4 5. d4 d5 6. Bd3 Be7 7. 0-0 0-0 8. c4 Nc6 9. cxd5 Qxd5 10. Re1 Bf5 11. Nc3 Nxc3 12. bxc3 Rfe8 13. Rb1 Bxd3 14. Qxd3 Bd6 15. Rxe8+ Rxe8 16. c4 Qe6 17. Bd2 b6 18. Re1 Qd7 19. Rxe8+ Qxe8 20. g3 h6 21. Kg2 a5 22. a3 Ne7 23. Bc1 Qd7 24. Bb2 Qf5 25. Qxf5 Nxf5 26. Nd2 f6 27. Kf3 Kf7 28. Ke4 Ne7 29. Nb3 f5+ 30. Kd3 a4 31. Nc1 c5 32. d5 g5 33. Ke3 b5 34. Kd3 b4 35. axb4 cxb4 36. Kc2 Ng6 37. Nd3 b3+ 38. Kb1 1/2-1/2

[Event "IECG QB.2008.0.00092 email"]
[Site "IECG email"]
[Date "2008.02.09"]
[Round "?"]
[White "Lo, Angus"]
[Black "Cabrera, Claudio"]
[Result "1-0"]
[WhiteElo "1932"]
[BlackElo "1800"]
[PlyCount "27"]
[EventDate "2008.02.09"]
[EventType "tourn (corr)"]
[EventRounds "6"]
[SourceTitle "Corr 2024"]
[Source "ChessBase"]
[SourceDate "2023.10.19"]
[SourceVersion "1"]
[SourceVersionDate "2023.10.19"]
[SourceQuality "1"]

1. e4 c5 2. Nf3 Nc6 3. d4 cxd4 4. Nxd4 Nf6 5. Nc3 e6 6. Ndb5 Bb4 7. a3 Bxc3+ 8. Nxc3 d5 9. exd5 Nxd5 10. Bd2 0-0 11. Bd3 Qf6 12. 0-0 Ne5 13. Nxd5 exd5 14. Bc3 1-0

[Event "IECG CB.2008.0.00178 email"]
[Site "IECG email"]
[Date "2008.01.11"]
[Round "?"]
[White "Lo, Angus"]
[Black "Gonzaga Grego, Luis"]
[Result "0-1"]
[WhiteElo "1932"]
[BlackElo "1942"]
[PlyCount "92"]
[EventDate "2008.01.11"]
[EventType "tourn (corr)"]
[EventRounds "6"]
[SourceTitle "Corr 2024"]
[Source "ChessBase"]
[SourceDate "2023.10.19"]
[SourceVersion "1"]
[SourceVersionDate "2023.10.19"]
[SourceQuality "1"]

1. e4 c5 2. Nf3 d6 3. d4 cxd4 4. Nxd4 Nf6 5. Nc3 g6 6. Be3 Bg7 7. f3 0-0 8. Qd2 Nc6 9. Bc4 Bd7 10. 0-0-0 Rc8 11. Bb3 Ne5 12. h4 Nc4 13. Bxc4 Rxc4 14. h5 Nxh5 15. g4 Nf6 16. Kb1 b5 17. b3 Rxc3 18. Qxc3 a5 19. Bh6 Bxh6 20. Rxh6 Qb6 21. g5 Rc8 22. Qd3 Nh5 23. Nf5 Bxf5 24. exf5 a4 25. fxg6 hxg6 26. Qd5 Qc7 27. c4 bxc4 28. Qd4 e5 29. Qxd6 Qxd6 30. Rxd6 cxb3 31. axb3 axb3 32. Kb2 Rc2+ 33. Kxb3 Rg2 34. Rd8+ Kg7 35. Kc4 Rxg5 36. Rhh8 Rf5 37. Rhg8+ Kf6 38. Rd6+ Kg5 39. Rd3 Kf4 40. Ra8 Kg3 41. Re3 f6 42. Raa3 Nf4 43. Reb3 Ne2 44. f4+ Kxf4 45. Re3 Ng1 46. Rg3 Rg5 0-1

[Event "IECG WC.2010.P.00010"]
[Site "IECG email"]
[Date "2006.06.05"]
[Round "?"]
[White "Lo, Angus"]
[Black "Degterev, Pavel"]
[Result "0-1"]
[WhiteElo "1933"]
[BlackElo "2116"]
[PlyCount "46"]
[EventDate "2006.06.05"]
[EventType "tourn (corr)"]
[EventRounds "6"]
[SourceTitle "Corr 2008"]
[Source "ChessBase"]
[SourceDate "2008.06.24"]
[SourceVersion "1"]
[SourceVersionDate "2008.06.24"]
[SourceQuality "1"]

1. e4 g6 2. d4 Bg7 3. Nc3 c6 4. Nf3 d5 5. h3 Nf6 6. e5 Ne4 7. Nxe4 dxe4 8. Ng5 c5 9. Bc4 0-0 10. c3 Nc6 11. Be3 cxd4 12. cxd4 Qa5+ 13. Kf1 h6 14. Nxe4 Rd8 15. f4 b5 16. Bb3 Nxd4 17. Bxd4 Qb4 18. Qf3 Rxd4 19. a3 Qa5 20. Nf6+ exf6 21. Qxa8 Qc7 22. Kg1 Rd8 23. Rd1 Rxd1+ 0-1

[Event "CFriend CP.2005.P.00011"]
[Site "Chessfriend.com"]
[Date "2005.10.01"]
[Round "?"]
[White "Degterev, Pavel"]
[Black "Lo, Angus"]
[Result "1/2-1/2"]
[WhiteElo "1686"]
[BlackElo "1933"]
[PlyCount "73"]
[EventDate "2005.10.01"]
[EventType "tourn (corr)"]
[EventRounds "1"]
[SourceTitle "Corr 2008"]
[Source "ChessBase"]
[SourceDate "2008.06.24"]
[SourceVersion "1"]
[SourceVersionDate "2008.06.24"]
[SourceQuality "1"]

1. b4 e5 2. Bb2 Bxb4 3. Bxe5 Nf6 4. c4 0-0 5. Nc3 Ba5 6. Nf3 d6 7. Bxf6 Qxf6 8. Nd5 Qd8 9. e3 c6 10. Nf4 g5 11. Nh5 Bg4 12. Ng3 f5 13. Bd3 f4 14. Ne4 Nd7 15. Qb3 Bxf3 16. gxf3 Ne5 17. Be2 Kh8 18. h4 gxh4 19. Qb2 Qe7 20. Qa3 Bc7 21. d4 Ng6 22. d5 cxd5 23. cxd5 Ne5 24. Rh3 Rac8 25. 0-0-0 Bd8+ 26. Kb1 Qc7 27. Qb2 Be7 28. Rd4 b5 29. Rd1 b4 30. Ba6 Rb8 31. Be2 a5 32. Rhh1 Qb6 33. Rc1 b3 34. a3 fxe3 35. Rc6 Qa7 36. Ra6 Qd7 37. fxe3 1/2-1/2

[Event "CFriend SI-2004-0-00032 email"]
[Site "Chessfriend.com"]
[Date "2005.04.13"]
[Round "1"]
[White "Lo, Angus"]
[Black "Norman, Nigel"]
[Result "1/2-1/2"]
[WhiteElo "1933"]
[BlackElo "1909"]
[PlyCount "98"]
[EventDate "2005.04.13"]
[EventType "tourn (corr)"]
[EventRounds "6"]
[SourceTitle "Corr 2008"]
[Source "ChessBase"]
[SourceDate "2008.06.24"]
[SourceVersion "1"]
[SourceVersionDate "2008.06.24"]
[SourceQuality "1"]

1. e4 g6 2. d4 Bg7 3. Nc3 d6 4. Be3 a6 5. Qd2 b5 6. a4 b4 7. Nd1 a5 8. Bd3 Nf6 9. Ne2 0-0 10. f3 Nbd7 11. c3 c5 12. cxb4 cxb4 13. 0-0 Bb7 14. Nf2 e5 15. d5 Rc8 16. Rac1 Nc5 17. Bxc5 Rxc5 18. Rxc5 dxc5 19. Qe3 Qd6 20. Nc1 Rc8 21. Bb5 c4 22. Qa7 Rc7 23. b3 c3 24. Nfd3 Bf8 25. Qxa5 Rc8 26. Qa7 Rc7 27. Qe3 Ba6 28. Bxa6 Qxa6 29. f4 Nd7 30. f5 Bc5 31. Nxc5 Nxc5 32. fxg6 hxg6 33. Rd1 Qd6 34. Re1 Kg7 35. Qe2 Qf6 36. Qg4 Qb6 37. Kh1 Qf6 38. Qf3 Qxf3 39. gxf3 Kf6 40. Kg2 Rc8 41. Kf2 Rh8 42. Rh1 Ke7 43. h4 Rh5 44. Na2 Na6 45. Rh2 Kd6 46. Rh3 Kc7 47. Rh2 Kd6 48. Rh1 Kd7 49. Nc1 Nc5 1/2-1/2

[Event "CFriend SI-2004-0-00032 email"]
[Site "Chessfriend.com"]
[Date "2005.04.13"]
[Round "1"]
[White "Lo, Angus"]
[Black "Pott, Brian"]
[Result "1/2-1/2"]
[WhiteElo "1933"]
[BlackElo "1814"]
[PlyCount "56"]
[EventDate "2005.04.13"]
[EventType "tourn (corr)"]
[EventRounds "6"]
[SourceTitle "Corr 2008"]
[Source "ChessBase"]
[SourceDate "2008.06.24"]
[SourceVersion "1"]
[SourceVersionDate "2008.06.24"]
[SourceQuality "1"]

1. e4 e5 2. Nf3 Nc6 3. Bb5 a6 4. Ba4 Nf6 5. 0-0 Nxe4 6. d4 b5 7. Bb3 d5 8. dxe5 Be6 9. c3 Bc5 10. Nbd2 0-0 11. Bc2 Nxf2 12. Rxf2 f6 13. exf6 Bxf2+ 14. Kxf2 Qxf6 15. Kg1 Rae8 16. Bb3 Kh8 17. Kh1 d4 18. Bxe6 Qxe6 19. Nf1 dxc3 20. bxc3 Ne5 21. Ba3 Rf6 22. Nxe5 Qxe5 23. Qd2 h6 24. Ng3 h5 25. Bb2 Rfe6 26. Rg1 Qe3 27. Qd1 Qf2 28. Rf1 Qxb2 1/2-1/2

[Event "IECG QC.2005.0.00063 email"]
[Site "IECG email"]
[Date "2005.03.18"]
[Round "?"]
[White "Foote, Ian"]
[Black "Lo, Angus"]
[Result "1-0"]
[WhiteElo "1696"]
[BlackElo "1791"]
[PlyCount "97"]
[EventDate "2005.03.18"]
[EventType "tourn (corr)"]
[EventRounds "2"]
[SourceTitle "Corr 2008"]
[Source "ChessBase"]
[SourceDate "2008.06.24"]
[SourceVersion "1"]
[SourceVersionDate "2008.06.24"]
[SourceQuality "1"]

1. d4 Nf6 2. Bg5 Ne4 3. Bf4 c5 4. f3 Qa5+ 5. c3 Nf6 6. Nd2 cxd4 7. Nb3 Qb6 8. Qxd4 Nc6 9. Qxb6 axb6 10. Nd4 e5 11. Nxc6 exf4 12. Nd4 Bc5 13. Nh3 Nd5 14. e4 fxe3 15. Bc4 Nc7 16. Nf4 0-0 17. 0-0-0 Bd6 18. Nde2 Bc5 19. b4 b5 20. Bb3 Ba7 21. Rhe1 Bb8 22. Nd4 Ne6 23. Nd5 Bxh2 24. Nxb5 Nf4 25. Ne7+ Kh8 26. Rxe3 b6 27. Nxc8 Raxc8 28. g4 d5 29. Re7 f5 30. Bxd5 fxg4 31. fxg4 Nxd5 32. Rxd5 Rf4 33. Rb7 Rxg4 34. Rxb6 Rg2 35. Rc6 Rf8 36. Rf5 Rd8 37. Nd4 Rxa2 38. b5 g6 39. Ne6 Rb8 40. Rf7 Be5 41. b6 Kg8 42. Rf3 Ra1+ 43. Kc2 Ra2+ 44. Kd3 Rb2 45. c4 Rb1 46. c5 Re8 47. Kc4 Ra8 48. Kd5 Bh2 49. Rc7 1-0